000 00241nam a2200097Ia 4500
001 1076198
005 20250827002252.0
008 250824s9999 xx 000 0 und d
245 0 _aKIŞ BAHÇESİ
_cGÜRAY SÜNGÜ
260 _bKETEBE YAYINLARI
999 _c1076198
_d1076198